Tablas de logaritmos a siete decimales

Saved in:
Bibliografiske detaljer
Hovedforfatter: Dupuis, J (Author)
Format: Bog
Sprog:spansk
Udgivet: Buenos Aires Albatros 1945
Fag:
Tags: Tilføj Tag
Ingen Tags, Vær først til at tagge denne postø!

MARC

LEADER 00000nam a2200000 a 4500
001 UCT3091
003 CL-VaPUC
008 961018e19450000AG |||||||||||||||||spa|d
082 0 4 |a 512.7  |b DUP  |2 21 
100 0 |a Dupuis, J  |e author  |9 372073 
245 1 0 |a Tablas de logaritmos a siete decimales 
300 |a 582 p 
942 |c BK 
945 |d 19961018 00:00:00  |a paguirre 
260 |a Buenos Aires  |b Albatros  |c 1945 
650 7 |a TABLAS MATEMATICAS  |2 CL-VaPUC  |9 260265 
650 0 |a Logaritmos  |9 260266 
650 0 |a Números   |9 265328 
650 0 |a Funciones logarítmicas  |9 358858 
583 |a last modification  |c 19961018 00:00:00  |k Rodrigo Vera 
999 |c 252905  |d 252903